Estatuto Provincial, aprobado por Real Decreto de 20 de marzo de 1925 : edición oficial edición oficial
Descripción Física:
113 p. ; 22 cm
Colección:
Biblioteca oficial legislativa ; 61
MARC
| LEADER | 00000nam a2200000Ia 4500 | ||
|---|---|---|---|
| 001 | 11586 | ||
| 008 | 160829s1925 xx 000 0 cat d | ||
| 080 | |a M-3-283 | ||
| 245 | |a Estatuto Provincial, aprobado por Real Decreto de 20 de marzo de 1925 : |b edición oficial | ||
| 250 | |a 2a ed. | ||
| 260 | |a Madrid : |b Edit. Reus, |c 1925 | ||
| 300 | |a 113 p. ; |c 22 cm | ||
| 490 | |a Biblioteca oficial legislativa ; 61 | ||
| 650 | 0 | |a Administració províncial |9 31477 | |
| 650 | |a Diputacions províncials |9 44836 | ||
| 650 | 0 | |a Finances locals |9 23120 | |
| 901 | |a Arxiu | ||
| 942 | |n 1 | ||
| 952 | |0 0 |1 0 |4 0 |6 M3283 |7 1 |9 45619 |a Arxiu |b Arxiu |d 2016-12-01 |l 0 |o M-3-283 |p 11586 |r 2016-12-01 00:00:00 |w 2016-12-01 |y ARXIU | ||
| 999 | |c 49118 |d 49118 | ||